[Event "24. Ciudad de Linares/Morelia"]
[Site "Morelia/Linares MEX/ESP"]
[Date "2007.03.06"]
[Round "11.4"]
[White "Svidler, Peter"]
[Black "Topalov, Veselin"]
[Result "1/2-1/2"]
[WhiteElo "2728"]
[BlackElo "2783"]
[PlyCount "75"]
[EventDate "2007.02.17"]
[EventType "tourn"]
[EventRounds "14"]
[EventCountry "ESP"]
[EventCategory "20"]
[Source "lmi"]
[SourceDate "2007.02.17"]

1. e4 c5 2. Nf3 d6 3. d4 cxd4 4. Nxd4 Nf6 5. Nc3 a6 6. Be3 e5 7. Nb3 Be6 8. f3
h5 9. Qd2 Nbd7 10. O-O-O Be7 11. h3 Qc7 12. Bd3 h4 13. f4 b5 14. Rhe1 Rb8 15.
Kb1 Nb6 16. Qf2 b4 17. Ne2 Nc4 18. Nd2 Nxe3 19. Qxe3 a5 20. b3 a4 21. Bc4 axb3
22. cxb3 Bd7 23. Nf3 O-O 24. fxe5 dxe5 25. Nxh4 Bc6 26. Ng3 Nxe4 27. Nxe4 Bxh4
28. g3 Be7 29. Nf2 Rbd8 30. Rxd8 Qxd8 31. Rd1 Qa5 32. Ng4 e4 33. Nh6+ gxh6 34.
Qxh6 Qf5 35. g4 Qc5 36. Qg6+ Kh8 37. Qh6+ Kg8 38. Qg6+ 1/2-1/2

[Event "24. Ciudad de Linares/Morelia"]
[Site "Morelia/Linares MEX/ESP"]
[Date "2007.03.07"]
[Round "12.4"]
[White "Anand, Viswanathan"]
[Black "Aronian, Levon"]
[Result "1/2-1/2"]
[WhiteElo "2779"]
[BlackElo "2744"]
[PlyCount "45"]
[EventDate "2007.02.17"]
[EventType "tourn"]
[EventRounds "14"]
[EventCountry "ESP"]
[EventCategory "20"]
[Source "lmi"]
[SourceDate "2007.02.17"]

1. e4 e5 2. Nf3 Nc6 3. Bb5 a6 4. Ba4 Nf6 5. O-O Be7 6. Re1 b5 7. Bb3 O-O 8. h3
Bb7 9. d3 d6 10. a3 Na5 11. Ba2 c5 12. Nbd2 Nc6 13. Nf1 Bc8 14. Bg5 Ne8 15. Bd2
Be6 16. Bxe6 fxe6 17. b4 a5 18. c3 axb4 19. axb4 Rxa1 20. Qxa1 Nc7 21. Ne3 Qd7
22. Qb2 Ra8 23. Ra1 1/2-1/2